| 000 | 00765nam a22002177a 4500 | ||
|---|---|---|---|
| 999 |
_c7832 _d7832 |
||
| 003 | AR-CdUCM | ||
| 008 | 190321b ||||| |||| 00| 0 spa d | ||
| 040 |
_aMUNICIPALIDAD PROVINCIAL DEL CUSCO _cBIBLIOTECA MUNICIPAL DEL CUSCO |
||
| 082 |
_a634 / _bC29 |
||
| 100 |
_aCarles, Jules _919758 |
||
| 245 | _aLa química del Vino / | ||
| 260 |
_aEspaña : _boikos-tau , _c1972. |
||
| 300 |
_a122 páginas ; _c17.6 cm. |
||
| 440 |
_a¿Que se? _n85 _922147 |
||
| 505 | _aContenido : ¿Que es el vino? -- ¿Que se encuentra en el vino? -- La sintesis de las uvas -- Biografia del vino -- El gas carbónico y las vías del metabolismo... | ||
| 650 |
_aSilvicultura _922148 |
||
| 650 |
_aMetabolismo _918902 |
||
| 650 |
_aVino _922149 |
||
| 942 |
_2ddc _cLIBROS |
||
| 945 | _artm | ||